<?xml version="1.0" encoding="UTF-8"?>
<collection xmlns="http://www.loc.gov/MARC21/slim">
 <record>
  <leader>00660pamaa2200169   4500</leader>
  <controlfield tag="001">0000053388</controlfield>
  <controlfield tag="005">20150803090000.0</controlfield>
  <controlfield tag="008">150806s2015                             eng  </controlfield>
  <datafield tag="090" ind1="0" ind2="0">
   <subfield code="a">RM666.H33 </subfield>
   <subfield code="b">KOM 2015</subfield>
  </datafield>
  <datafield tag="110" ind1="1" ind2="0">
   <subfield code="a">Kementerian Kesihatan Malaysia</subfield>
  </datafield>
  <datafield tag="245" ind1="1" ind2="0">
   <subfield code="a">Kompilasi petua tradisional Melayu : </subfield>
   <subfield code="b">Herba &amp; tumbuhan ubatan  </subfield>
   <subfield code="c">Kementerian Kesihatan Malaysia.</subfield>
  </datafield>
  <datafield tag="260" ind1="0" ind2="0">
   <subfield code="a">Kuala Lumpur: </subfield>
   <subfield code="b">Bahagian Perubatan Traditional dan Komplementari Kementerian Kesihatan Malaysia.</subfield>
  </datafield>
  <datafield tag="300" ind1=" " ind2=" ">
   <subfield code="a">80p: </subfield>
   <subfield code="b">ill.; </subfield>
   <subfield code="c">28 cm.</subfield>
  </datafield>
  <datafield tag="500" ind1="0" ind2="0">
   <subfield code="a">In Malay</subfield>
  </datafield>
  <datafield tag="650" ind1="0" ind2="0">
   <subfield code="a">Herbs -- </subfield>
   <subfield code="x">Therapeutic use -- </subfield>
   <subfield code="z">Malaysia </subfield>
  </datafield>
  <datafield tag="650" ind1="0" ind2="0">
   <subfield code="a">Materia medica, Vegetable -- </subfield>
   <subfield code="z">Malaysia </subfield>
  </datafield>
  <datafield tag="901" ind1=" " ind2=" ">
   <subfield code="u">www.tcm.moh.gov.my</subfield>
  </datafield>
 </record>
</collection>
